000 00464nam a2200181Ia 4500
005 20250603145641.0
008 250603s9999 xx 000 0 und d
020 _a9781032678153
050 _aTL 685.35 .Y8/
100 _aYu, Ziquan
245 0 _aRefined safety control of unmanned flight vehicles via fractional-order calculus
260 _aBoca Raton
260 _bCRC Press
260 _c2024
300 _a224 p
650 _aBoca Raton
942 _cBK
999 _c42458
_d42458